| 000 | 00741nam a22002417a 4500 | ||
|---|---|---|---|
| 005 | 20170124110238.0 | ||
| 010 | _aA-372014 | ||
| 020 | _c30.00 | ||
| 035 | _aA-372014 | ||
| 037 | _bCen Lib/Ret | ||
| 040 |
_aDPL _bEN |
||
| 082 |
_a180.92 _bTHO |
||
| 100 |
_aThomas. Henry _934546 |
||
| 245 |
_aLiving biographies of great philosophers / _cby Henry Thomas [and] Dana Lee Thomas |
||
| 260 |
_aBombay _bBhartiya vidya bhavan _c1988 |
||
| 270 |
_bBombay _aKulpati munshi marg _e400007 |
||
| 300 |
_a285p. _c16cm(Hb) |
||
| 490 | _aEssay index reprint series | ||
| 650 |
_aPhilosophy _972792 |
||
| 650 |
_aBiographies _xPhilosophers _934548 |
||
| 700 |
_aThomas, Dana Lee _934549 |
||
| 942 |
_2ddc _cEN _h180.92 _mTHO |
||
| 999 |
_c134980 _d134980 |
||